|
|
|
|
| LEADER |
00921nam a22002892a 4500 |
| 001 |
000127397 |
| 003 |
CZ BrMZK |
| 005 |
20080414074042.0 |
| 007 |
ta |
| 008 |
950101s1988 fr f fre d |
| 040 |
|
|
|a BOA001
|b cze
|
| 041 |
1 |
|
|a fre
|h eng
|
| 080 |
9 |
|
|a 7
|
| 100 |
1 |
|
|a Honour, Hugh,
|d 1927-
|7 jn19990003646
|4 aut
|
| 245 |
1 |
0 |
|a Hístoire mondiale de l'art /
|c Hugh Honour, John Fleming
|
| 250 |
|
|
|a Nouvelle éd., rev. et augm.
|
| 260 |
|
|
|a [Paris] :
|b Bordas,
|c 1988
|
| 300 |
|
|
|a 686 s.
|
| 500 |
|
|
|a Přeloženo z angličtiny
|
| 504 |
|
|
|a Obsahuje bibliografii
|
| 700 |
1 |
|
|a Fleming, John,
|d 1919-2001
|7 jn19990002320
|4 aut
|
| 765 |
0 |
|
|t World history of art
|9 Francouzsky
|
| 910 |
|
|
|a BOA001
|b 4-0963.795
|
| 964 |
|
|
|a Umění světové - dějiny - púublikace obrazové
|
| 990 |
|
|
|a BK
|
| 991 |
|
|
|b 200803
|
| 996 |
6 |
|
|b BC-564962
|c 4-0963.795
|l MZK
|r Sklad / do 1 hodiny
|n 14
|w 000127397
|u 000010
|a 1
|e BOA001
|j MZK50
|s P
|